A world history of photography / (Record no. 30245)
[ view plain ]
| 000 -LEADER | |
|---|---|
| fixed length control field | 01191nam a2200373 i 4500 |
| 001 - CONTROL NUMBER | |
| control field | 14797826 |
| 003 - CONTROL NUMBER IDENTIFIER | |
| control field | EG-ScBUE |
| 005 - DATE AND TIME OF LATEST TRANSACTION | |
| control field | 20230312121821.0 |
| 008 - FIXED-LENGTH DATA ELEMENTS--GENERAL INFORMATION | |
| fixed length control field | 190218t2019 nyua f b 001 0 eng d |
| 020 ## - INTERNATIONAL STANDARD BOOK NUMBER | |
| International Standard Book Number | 9780789213433 |
| 035 ## - SYSTEM CONTROL NUMBER | |
| System control number | (NhCcYBP)om211307906 |
| 035 ## - SYSTEM CONTROL NUMBER | |
| System control number | 14797826 |
| 040 ## - CATALOGING SOURCE | |
| Original cataloging agency | NhCcYBP |
| Language of cataloging | eng |
| Description conventions | rda |
| Transcribing agency | NhCcYBP |
| Modifying agency | EG-ScBUE |
| 082 04 - DEWEY DECIMAL CLASSIFICATION NUMBER | |
| Edition number | 22 |
| Classification number | 770.9 |
| Item number | ROS |
| 100 1# - MAIN ENTRY--PERSONAL NAME | |
| Personal name | Rosenblum, Naomi, |
| Relator term | author. |
| 245 12 - TITLE STATEMENT | |
| Title | A world history of photography / |
| Statement of responsibility, etc | by Naomi Rosenblum ; with contributions by Diana C. Stoll. |
| 250 ## - EDITION STATEMENT | |
| Edition statement | Fifth edition. |
| 264 #1 - PUBLICATION, DISTRIBUTION, ETC. (IMPRINT) | |
| Place of publication, distribution, etc | New York ; |
| -- | London : |
| Name of publisher, distributor, etc | Abbeville Press Publishers, |
| Date of publication, distribution, etc | 2019. |
| 264 #4 - PUBLICATION, DISTRIBUTION, ETC. (IMPRINT) | |
| Date of publication, distribution, etc | c2019 |
| 300 ## - PHYSICAL DESCRIPTION | |
| Extent | 744 pages : |
| Other physical details | illustrations (some color) ; |
| Dimensions | 30 cm |
| 336 ## - CONTENT TYPE | |
| Content type term | text |
| Content type code | txt |
| Source | rdacontent |
| 336 ## - CONTENT TYPE | |
| Content type term | still image |
| Content type code | sti |
| Source | rdacontent |
| 337 ## - MEDIA TYPE | |
| Media type term | unmediated |
| Media type code | n |
| Source | rdamedia |
| 338 ## - CARRIER TYPE | |
| Carrier type term | volume |
| Carrier type code | nc |
| Source | rdacarrier |
| 504 ## - BIBLIOGRAPHY, ETC. NOTE | |
| Bibliography, etc | Includes bibliographical references and index.<br/> |
| 650 #0 - SUBJECT ADDED ENTRY--TOPICAL TERM | |
| Topical term or geographic name as entry element | Photography |
| General subdivision | History. |
| Source of heading or term | BUEsh |
| 653 ## - INDEX TERM--UNCONTROLLED | |
| Resource For college | Arts and Design |
| Arrived date list | March2023 |
| 655 ## - INDEX TERM--GENRE/FORM | |
| Form subdivision | Reading book |
| 700 1# - ADDED ENTRY--PERSONAL NAME | |
| Personal name | Stoll, Diana C., |
| Relator term | contributor. |
| 942 ## - ADDED ENTRY ELEMENTS (KOHA) | |
| Source of classification or shelving scheme | Dewey Decimal Classification |
| Koha item type | Book - Borrowing |
| 960 ## - PHYSICAL LOCATION (RLIN) | |
| Physical location, PLOC (RLIN) | 39002138482808 |
| 987 ## - LOCAL ROMANIZATION/CONVERSION HISTORY (OCLC) | |
| Date of conversion or review | ON ORDER |
| Withdrawn status | Lost status | Source of classification or shelving scheme | Damaged status | Not for loan | Collection code | Home library | Current library | Shelving location | Date acquired | Source of acquisition | Cost, normal purchase price | Serial Enumeration / chronology | Total Checkouts | Full call number | Barcode | Date last seen | Cost, replacement price | Price effective from | Koha item type |
|---|---|---|---|---|---|---|---|---|---|---|---|---|---|---|---|---|---|---|---|
| Dewey Decimal Classification | Alahram | Central Library | Central Library | Second Floor | 12/03/2023 | Purchase | 1649.00 | 208 | 770.9 ROS | 000044892 | 15/07/2025 | 2061.25 | 12/03/2023 | Book - Borrowing |